000 00963nam a22002177a 4500
005 20120806121723.0
010 _aB-454804-805
020 _c80.00 (vols.IV)
035 _aB-454804-805
037 _adpl
_bAllied Pub/Ven
082 _a080
245 _aSelected speeches and writings of Indira Gandhi 1980-81/
260 _aNew Delhi
_bPublication Division
_c1985
270 _aSuper Bazar Connaught Circus
_bNew Delhi
300 _a614 p. (vols.IV)
_c23cm
500 _aindex
942 _2ddc
_cEN
_mSEL
_h080
999 _c68887
_d68887